[Event "8th Asrian Memorial 2015"]
[Site "Yerevan ARM"]
[Date "2015.06.21"]
[Round "6.21"]
[White "Hovhannisyan, Karen"]
[Black "Hairapetian, Anna"]
[Result "1-0"]
[BlackTitle "WIM"]
[WhiteElo "2304"]
[BlackElo "2178"]
[WhiteFideId "13306618"]
[BlackFideId "13303554"]
[EventDate "2015.06.16"]

1. d4 d5 2. Nf3 Nf6 3. Bf4 e6 4. e3 Be7 5. h3 O-O 6. Bd3 c5 7. c3 Ne4 8. Nbd2 f5
9. Bxe4 fxe4 10. Ne5 cxd4 11. cxd4 b6 12. Qg4 Rf5 13. O-O Bd7 14. Rfc1 Be8 15.
Qe2 Bd6 16. Nf1 Bxe5 17. Bxe5 Nc6 18. Ng3 Rf8 19. Qg4 Nxe5 20. dxe5 Bf7 21. Ne2
Qb8 22. Qg3 Rc8 23. Rxc8+ Qxc8 24. Rc1 Qd7 25. Qh4 h6 26. Nd4 Rc8 27. Rxc8+ Qxc8
28. Qe7 Qc1+ 29. Kh2 Qxb2 30. Qd8+ Kh7 31. Qf8 Bg6 32. Qf4 Bf5 33. Nxf5 g5 34.
Qg4 Qxe5+ 35. Ng3 b5 36. Qe2 a6 37. Qd2 h5 38. Kg1 Qa1+ 39. Nf1 b4 40. Qxb4 Qxa2
41. Qe7+ Kg6 42. Qxe6+ Kg7 43. Ng3 Qa1+ 44. Kh2 a5 45. Nf5+ Kf8 46. Qe7+ Kg8 47.
Qe8+ Kh7 48. Qf7+ Kh8 49. Ne7 1-0

[Event "8th Asrian Memorial 2015"]
[Site "Yerevan ARM"]
[Date "2015.06.22"]
[Round "7.2"]
[White "Khismatullin, Denis"]
[Black "Oleksiyenko, Mykhaylo"]
[Result "0-1"]
[WhiteTitle "GM"]
[BlackTitle "GM"]
[WhiteElo "2646"]
[BlackElo "2629"]
[WhiteFideId "4142578"]
[BlackFideId "4152417"]
[EventDate "2015.06.16"]

1. d4 d5 2. c4 e6 3. Nc3 Nf6 4. cxd5 exd5 5. Bg5 c6 6. e3 Bf5 7. Qf3 Bg6 8. Bxf6
Qxf6 9. Qxf6 gxf6 10. Nf3 Nd7 11. Nh4 Nb6 12. g3 Nc8 13. Rd1 Bb4 14. f3 Nd6 15.
Kf2 a5 16. Rc1 a4 17. Ng2 Bxc3 18. Rxc3 Bb1 19. Be2 Bxa2 20. Ra1 Bc4 21. Bd1 Bb5
22. b3 a3 23. Rc2 Ke7 24. Rca2 Ra6 25. Rxa3 Rha8 26. Rxa6 Rxa6 27. Rxa6 Bxa6 28.
Bc2 f5 29. h3 b6 30. Nf4 Bc8 31. Bd3 h6 32. b4 Be6 33. Ke1 b5 34. Kf2 Ne8 35.
Bc2 Nc7 36. Nd3 Na6 37. Ke2 Kd6 38. Kd2 Nc7 39. Nc5 Bc8 40. Ke2 Ke7 41. Kf2 Ne8
42. Nd3 f6 43. Nf4 Ng7 44. Ng6+ Kd6 45. Nh4 Bd7 46. g4 fxg4 47. fxg4 Be6 48. Bg6
Bd7 49. Kf3 Ke7 50. Bd3 Kd6 51. Kg3 Ke7 52. Ng6+ Kd6 53. h4 Bc8 54. Bc2 Bd7 55.
Nf4 Bc8 56. Bg6 Bd7 57. Nd3 Ke7 58. Nc5 Bc8 59. Kf3 Kd6 60. Nd3 Bd7 61. Nf4 Ke7
62. Bh7 Kd6 63. Bg8 Be8 64. Nd3 Bg6 65. Nc5 Ke7 66. Kf4 Kd6 67. e4 dxe4 68.
Nxe4+ Ke7 69. Nc3 Be8 70. d5 Kf8 71. Bh7 Ke7 72. Be4 cxd5 73. Nxd5+ Kf7 74. h5
Ne6+ 75. Ke3 Bd7 76. Bg6+ Kg7 77. Bf5 Kf7 78. Nb6 Bc6 79. Nc8 Nc7 80. Kd4 Ne6+
81. Kd3 Nc7 82. Ke3 Bg2 83. Kd4 Ne6+ 84. Ke3 Nc7 85. Bg6+ Ke6 86. Kd4 Na6 87.
Bf5+ Kf7 88. Kc3 Nc7 89. Nb6 Ke7 90. Kd4 Na6 91. Nc8+ Kf7 92. Bb1 Bf3 93. Ba2+
Kf8 94. Nd6 Nxb4 95. Be6 Ke7 96. Nf5+ Kxe6 97. Nxh6 Nc6+ 98. Ke3 Ne5 99. Nf5 b4
100. h6 Nxg4+ 101. Kf4 Nxh6 102. Nd4+ Kd5 103. Nxf3 Kc4 104. Nd2+ Kd3 105. Nb3
Kc3 0-1

[Event "8th Asrian Memorial 2015"]
[Site "Yerevan ARM"]
[Date "2015.06.22"]
[Round "7.3"]
[White "Andriasian, Zaven"]
[Black "Pashikian, Arman"]
[Result "1/2-1/2"]
[WhiteTitle "GM"]
[BlackTitle "GM"]
[WhiteElo "2600"]
[BlackElo "2604"]
[WhiteFideId "13302000"]
[BlackFideId "13301578"]
[EventDate "2015.06.16"]

1. Nf3 d5 2. g3 g6 3. c4 dxc4 4. Na3 Bg7 5. Nxc4 Nc6 6. d3 e5 7. Be3 Nge7 8. Bg2
O-O 9. O-O Nd5 10. Bg5 f6 11. Bd2 Be6 12. Rc1 Qd7 13. Re1 Rfd8 14. h4 h6 15. a3
Nd4 16. b4 c6 17. Na5 Qf7 18. e4 Nxf3+ 19. Bxf3 Nb6 20. Qe2 h5 21. Be3 Rd7 22.
Red1 Rad8 23. Kh2 Kh7 24. Rb1 Bh6 25. Bxh6 Kxh6 26. b5 cxb5 27. Rxb5 Kg7 28. Rb4
Qe7 29. Qe3 Rd4 30. Be2 R8d7 31. Rdb1 Qd6 32. Kg2 Bg4 33. Bxg4 Rxb4 34. Rxb4
hxg4 35. Qe2 Qe6 36. Nb3 Rc7 37. d4 Rc3 38. Nc5 Qc8 39. Qa2 exd4 40. Ne6+ Kh7
41. Nxd4 Rc4 42. Qe2 Rxb4 43. axb4 Qc4 44. Qd2 Nd7 45. f4 gxf3+ 46. Nxf3 Qe6 47.
Qc2 Ne5 48. Qc7+ Qf7 1/2-1/2

[Event "8th Asrian Memorial 2015"]
[Site "Yerevan ARM"]
[Date "2015.06.22"]
[Round "7.4"]
[White "Baghdasaryan, Vahe"]
[Black "Petrosyan, Tigran S."]
[Result "0-1"]
[WhiteTitle "IM"]
[BlackTitle "IM"]
[WhiteElo "2402"]
[BlackElo "2423"]
[WhiteFideId "13303139"]
[BlackFideId "13303678"]
[EventDate "2015.06.16"]

1. c4 c6 2. Nf3 d5 3. g3 Bg4 4. Qb3 Qb6 5. Ne5 Be6 6. d3 f6 7. Nf3 Bf7 8. Bh3
Qxb3 9. axb3 Na6 10. Nd4 Nb4 11. Kd1 e5 12. Ne6 Bxe6 13. Bxe6 Bc5 14. Bd2 Ne7
15. Rf1 Na6 16. Nc3 Bb4 17. cxd5 Nc7 18. e4 a5 19. f4 exf4 20. Bxf4 Nxe6 21.
dxe6 Ng6 22. Ne2 Ke7 23. Nd4 Rhd8 24. Be3 Ne5 25. Ke2 g6 26. Nc2 Kxe6 27. Bb6
Rxd3 28. Rfd1 Rxd1 29. Rxd1 Nd7 30. Bc7 Rc8 31. Bf4 Bc5 32. Bd2 b6 33. Bc3 Ne5
34. Ne1 Re8 35. Rc1 Kd6 36. Nd3 Nxd3 37. Kxd3 Re6 38. Rf1 Ke7 39. g4 Rd6+ 40.
Ke2 Bd4 41. h4 Ke6 42. g5 fxg5 43. hxg5 Ke5 44. Bd2 Kxe4 45. Rf4+ Kd5 46. Rf7
Bxb2 47. Rxh7 c5 48. Kd3 Kc6+ 49. Kc2 Bd4 50. Re7 Kb5 51. Bf4 Rc6 52. Kd3 Kb4
53. Rb7 Kxb3 54. Bc7 Bg1 55. Ke4 c4 56. Kd5 Rc5+ 0-1

[Event "8th Asrian Memorial 2015"]
[Site "Yerevan ARM"]
[Date "2015.06.22"]
[Round "7.5"]
[White "Krasenkow, Michal"]
[Black "Efimenko, Zahar"]
[Result "1/2-1/2"]
[WhiteTitle "GM"]
[BlackTitle "GM"]
[WhiteElo "2604"]
[BlackElo "2647"]
[WhiteFideId "1113100"]
[BlackFideId "14107201"]
[EventDate "2015.06.16"]

1. d4 Nf6 2. c4 e6 3. Nf3 d5 4. Nc3 Nbd7 5. e3 a6 6. a3 dxc4 7. Bxc4 b5 8. Ba2
Bb7 9. O-O c5 10. Qe2 Bd6 11. dxc5 Nxc5 12. b4 1/2-1/2

[Event "8th Asrian Memorial 2015"]
[Site "Yerevan ARM"]
[Date "2015.06.22"]
[Round "7.6"]
[White "Areshchenko, Alexander"]
[Black "Mikaelyan, Arman"]
[Result "1-0"]
[WhiteTitle "GM"]
[BlackTitle "IM"]
[WhiteElo "2656"]
[BlackElo "2437"]
[WhiteFideId "14109530"]
[BlackFideId "13304852"]
[EventDate "2015.06.16"]

1. e4 e5 2. Nf3 Nc6 3. d4 exd4 4. Nxd4 Bc5 5. Nb3 Bb4+ 6. Nc3 Nf6 7. Bd3 d5 8.
exd5 Bxc3+ 9. bxc3 Qxd5 10. O-O O-O 11. Bf4 Qd8 12. h3 Nd5 13. Bg3 Nxc3 14. Qf3
h6 15. Rfe1 Nb4 16. Bh7+ Kxh7 17. Qxc3 Nc6 18. Rad1 Qf6 19. Qxf6 gxf6 20. Nc5
Kg6 21. Bxc7 b6 22. Nd3 Bf5 23. Nf4+ Kh7 24. Rd6 Nd8 25. Rxf6 Bxc2 26. Re7 Bb1
27. Bxd8 Raxd8 28. Ne6 Rd1+ 29. Kh2 Bxa2 30. Nxf8+ Kg7 31. Nd7 Rxd7 32. Rfxf7+
Bxf7 33. Rxd7 a5 34. Rb7 a4 35. Rxb6 a3 36. Ra6 a2 37. g4 Bc4 38. Ra5 Kf6 39. f4
Ke6 40. h4 1-0

[Event "8th Asrian Memorial 2015"]
[Site "Yerevan ARM"]
[Date "2015.06.22"]
[Round "7.7"]
[White "Grigoryan, Karen H."]
[Black "Martirosyan, Haik M."]
[Result "1-0"]
[WhiteTitle "GM"]
[BlackTitle "FM"]
[WhiteElo "2590"]
[BlackElo "2344"]
[WhiteFideId "13301004"]
[BlackFideId "13306553"]
[EventDate "2015.06.16"]

1. e4 c5 2. Nc3 Nc6 3. Nge2 e5 4. Ng3 g6 5. Bc4 Bg7 6. d3 Nge7 7. f4 exf4 8.
Bxf4 d6 9. Qd2 O-O 10. Bh6 Ne5 11. O-O-O Be6 12. Bxg7 Kxg7 13. Bxe6 fxe6 14. d4
cxd4 15. Qxd4 Nc6 16. Qxd6 Qxd6 17. Rxd6 Rf2 18. Rg1 Nb4 19. a3 Rxc2+ 20. Kb1
Rxc3 21. bxc3 Nbc6 22. Rf1 Re8 23. Ne2 Re7 24. Rfd1 Nc4 25. Rd7 Kf7 26. Rxe7+
Kxe7 27. Ka2 Ne3 28. Rb1 Na5 29. g3 Nec4 30. Rd1 Nd6 31. e5 Ndc4 32. Nd4 Nxe5
33. Nb5 Nac6 34. Nd6 b6 35. h3 h6 36. Kb3 Nd7 37. Kc4 a6 38. Nc8+ Kf6 39. Rf1+
Kg7 40. a4 Nde5+ 41. Kb3 Na5+ 42. Ka2 Nec4 43. Rb1 e5 44. Nxb6 Nd6 45. Re1 Nc6
46. Nd7 Nc4 47. Nc5 Nb6 48. Kb1 a5 49. Kc2 Kf6 50. Kd3 Ke7 51. Rb1 Nd5 52. Rb7+
Kd6 53. Ne4+ Ke6 54. Kc4 1-0

[Event "8th Asrian Memorial 2015"]
[Site "Yerevan ARM"]
[Date "2015.06.22"]
[Round "7.8"]
[White "Morchiashvili, Bachana"]
[Black "Ter-Sahakyan, Samvel"]
[Result "0-1"]
[WhiteTitle "IM"]
[BlackTitle "GM"]
[WhiteElo "2317"]
[BlackElo "2586"]
[WhiteFideId "13602535"]
[BlackFideId "13302531"]
[EventDate "2015.06.16"]

1. d4 d5 2. c4 c6 3. Nf3 Nf6 4. Nc3 e6 5. cxd5 exd5 6. Bg5 Be7 7. Qc2 Na6 8. e3
Nb4 9. Qb1 g6 10. Qd1 Bf5 11. Rc1 a5 12. a3 Na6 13. Bd3 Bxd3 14. Bxf6 Bxf6 15.
Qxd3 O-O 16. O-O Nc7 17. Na4 Nb5 18. Nd2 Re8 19. Rb1 Nd6 20. Rfc1 b5 21. Nc5 a4
22. Qc2 Ra7 23. g3 Qa8 24. Re1 Rae7 25. Nf3 Nc4 26. Re2 Qc8 27. Rbe1 Bg7 28. Kg2
Qd8 29. e4 dxe4 30. Rxe4 Nd6 31. Rxe7 Rxe7 32. Rxe7 Qxe7 33. b3 axb3 34. Qxb3
Nf5 35. Qc3 Qd6 36. Nb7 Qd5 37. Qc5 Qxc5 38. Nxc5 Nxd4 39. a4 Nxf3 40. axb5 Nh4+
41. gxh4 cxb5 42. Kf3 h5 43. Nd7 Bd4 44. Ke2 Kg7 45. Nb8 Be5 0-1

[Event "8th Asrian Memorial 2015"]
[Site "Yerevan ARM"]
[Date "2015.06.22"]
[Round "7.9"]
[White "Zhigalko, Andrey"]
[Black "Nadanian, Ashot"]
[Result "1-0"]
[WhiteTitle "GM"]
[BlackTitle "IM"]
[WhiteElo "2586"]
[BlackElo "2380"]
[WhiteFideId "13502247"]
[BlackFideId "13300393"]
[EventDate "2015.06.16"]

1. e4 d5 2. exd5 Nf6 3. Nf3 Nxd5 4. d4 Bg4 5. h3 Bh5 6. c4 Nb6 7. g4 Bg6 8. Qb3
Qc8 9. Nc3 f6 10. Be3 Bf7 11. O-O-O g6 12. d5 Bg7 13. c5 N6d7 14. Bc4 O-O 15.
Rhe1 a6 16. Bd4 b5 17. cxb6 cxb6 18. Rxe7 b5 19. Be2 b4 20. Qxb4 Bxd5 21. Qd6
Bxa2 22. Ng5 Bh6 23. f4 Qc6 24. Qxc6 Nxc6 25. Rxd7 Bb3 26. Nxh7 Bxf4+ 27. Kb1
Be5 28. Bxe5 Nxe5 29. Nxf8 1-0

[Event "8th Asrian Memorial 2015"]
[Site "Yerevan ARM"]
[Date "2015.06.22"]
[Round "7.10"]
[White "Harutyunian, Tigran K."]
[Black "Manukyan, Sargis A."]
[Result "1-0"]
[WhiteTitle "IM"]
[WhiteElo "2472"]
[BlackElo "2189"]
[WhiteFideId "13303635"]
[BlackFideId "13303970"]
[EventDate "2015.06.16"]

1. Nf3 d5 2. g3 Nf6 3. Bg2 e6 4. O-O Be7 5. c4 O-O 6. d4 dxc4 7. Qc2 a6 8. a4
Bd7 9. Qxc4 Bc6 10. Bg5 Bd5 11. Qd3 c5 12. Nc3 cxd4 13. Nxd5 Nxd5 14. Bxe7 Nxe7
15. Nxd4 Nbc6 16. Rfd1 Qb6 17. Qb3 Qxb3 18. Nxb3 Rfd8 19. Nc5 Rxd1+ 20. Rxd1 b6
21. Bxc6 Nxc6 22. Rd6 bxc5 23. Rxc6 Kf8 24. Rxc5 Rb8 25. Rc6 Rxb2 26. Kf1 Ra2
27. Rxa6 g5 28. f3 Ke7 29. Kf2 Ra3 30. Ra8 Kf6 31. a5 h6 32. h4 gxh4 33. gxh4
Kg6 34. a6 Kh5 35. Kg3 Kg6 36. Kf4 Kf6 37. e4 e5+ 38. Kg4 Kg6 39. h5+ Kf6 40. a7
Kg7 41. Re8 Rxa7 42. Rxe5 Ra1 43. Rb5 Rg1+ 44. Kf4 Rh1 45. Ra5 Rg1 46. Ke3 Rh1
47. Kf2 Kf6 48. Kg2 Re1 49. Rf5+ Ke6 50. Rf4 Ra1 51. Rf5 Re1 52. Kg3 Rh1 53. Kg4
Rh2 54. Ra5 Kf6 55. f4 Rg2+ 56. Kh3 Re2 57. Ra6+ Kg7 58. e5 Re1 59. Ra3 Rf1 60.
Kg4 Rb1 61. Kf5 Rb6 62. Rg3+ Kf8 63. Rd3 Kg7 64. Rd7 Ra6 65. Ke4 Ra4+ 66. Rd4
Ra1 67. f5 Rh1 68. f6+ Kg8 69. Kd5 Ra1 70. Rg4+ Kf8 71. Rd4 Kg8 72. Kd6 Ra6+ 73.
Kd7 Re6 74. Rd5 Kh8 75. Ra5 Kh7 76. Rc5 Kg8 77. Rc8+ Kh7 78. Re8 Ra6 79. Ke7
Ra7+ 80. Kf8 Ra6 81. Re7 1-0

[Event "8th Asrian Memorial 2015"]
[Site "Yerevan ARM"]
[Date "2015.06.22"]
[Round "7.11"]
[White "Vuilleumier, Alexandre"]
[Black "Babujian, Levon"]
[Result "1-0"]
[WhiteTitle "IM"]
[BlackTitle "GM"]
[WhiteElo "2354"]
[BlackElo "2459"]
[WhiteFideId "1305662"]
[BlackFideId "13301993"]
[EventDate "2015.06.16"]

1. e4 c5 2. Nf3 a6 3. c4 d6 4. d4 cxd4 5. Nxd4 e6 6. Be2 Nf6 7. Nc3 Nbd7 8. O-O
b6 9. f3 Bb7 10. a4 Rc8 11. a5 bxa5 12. Nb3 Qb6+ 13. Kh1 h5 14. Nxa5 Ba8 15. Qb3
Qa7 16. Na4 Qc7 17. Bd2 h4 18. Qe3 h3 19. g3 Rh5 20. b4 g6 21. Bc3 Bh6 22. Qf2
Ne5 23. c5 d5 24. Nb6 dxe4 25. Nxa8 Rxa8 26. f4 Neg4 27. Bxg4 Nxg4 28. Qe2 f5
29. Rfd1 Bf8 30. Kg1 Rh7 31. Nc4 Qb7 32. Rd6 Rc7 33. Rxe6+ Kf7 34. Nd6+ Bxd6 35.
Rxd6 e3 36. Rad1 Re8 37. c6 Qb6 38. Rd7+ Rxd7 39. Rxd7+ Re7 40. Qc4+ Kf8 41.
Rxe7 Kxe7 42. Bd4 Qc7 43. Bc5+ Kf6 44. Qxa6 g5 45. Qa8 gxf4 46. Qf8+ Ke5 47.
gxf4+ Ke4 48. Qe7+ Qxe7 49. Bxe7 e2 50. Bh4 1-0

[Event "8th Asrian Memorial 2015"]
[Site "Yerevan ARM"]
[Date "2015.06.22"]
[Round "7.12"]
[White "Petrosyan, Manuel"]
[Black "Hambardzumian, Yuri"]
[Result "1-0"]
[WhiteTitle "IM"]
[BlackTitle "IM"]
[WhiteElo "2449"]
[BlackElo "2322"]
[WhiteFideId "13300857"]
[BlackFideId "13302795"]
[EventDate "2015.06.16"]

1. d4 Nf6 2. Nf3 e6 3. g3 c5 4. Bg2 cxd4 5. Nxd4 d5 6. c4 e5 7. Nf3 d4 8. O-O
Nc6 9. e3 Bc5 10. exd4 exd4 11. Nbd2 O-O 12. Nb3 Qb6 13. Nxc5 Qxc5 14. b3 Bg4
15. h3 Bh5 16. Bb2 Rad8 17. Re1 Rd7 18. Qd2 Rfd8 19. Rad1 h6 20. Qf4 g5 21. Qc1
Bg6 22. Ba3 Qa5 23. b4 Nxb4 24. Ne5 Re7 25. Qb2 Rxe5 26. Bxb4 Rxe1+ 27. Bxe1 Qb6
28. Qxb6 axb6 29. Bc3 Be4 30. Rxd4 Rxd4 31. Bxd4 Bxg2 32. Kxg2 Ne4 33. Bxb6 f5
34. h4 g4 35. h5 Kf7 36. Be3 Nf6 37. Kf1 Nxh5 38. Bxh6 Nf6 39. Ke2 Ke6 40. Kd3
Ne4 41. Be3 Ke5 42. a4 Kd6 43. Kd4 b6 44. Bf4+ Ke6 45. Bc7 Kd7 46. Bxb6 Kc6 47.
a5 Nxf2 48. c5 Kb5 49. Ke5 Ne4 50. Kf4 1-0

[Event "8th Asrian Memorial 2015"]
[Site "Yerevan ARM"]
[Date "2015.06.22"]
[Round "7.13"]
[White "Torosyan, Norayr"]
[Black "Hayrapetyan, Hovik"]
[Result "0-1"]
[BlackTitle "GM"]
[WhiteElo "2336"]
[BlackElo "2436"]
[WhiteFideId "13300431"]
[BlackFideId "13302639"]
[EventDate "2015.06.16"]

1. e4 g6 2. d4 Bg7 3. Nc3 c6 4. Nf3 d6 5. Be2 Nf6 6. a4 O-O 7. O-O Qc7 8. h3 e5
9. dxe5 dxe5 10. Be3 Nh5 11. Bc4 Nf4 12. Qb1 Qe7 13. Rd1 Nd7 14. a5 Qf6 15. h4
h6 16. Qa2 Re8 17. g3 Ne6 18. Kg2 Qe7 19. Rd2 Kh7 20. Rad1 Ndf8 21. Ne2 f5 22.
Bd3 f4 23. gxf4 exf4 24. Nxf4 Nxf4+ 25. Bxf4 Bg4 26. Kg3 Bxf3 27. Kxf3 Ne6 28.
Be3 Qf7+ 29. Kg3 Be5+ 30. f4 Bxf4+ 31. Bxf4 Qxf4+ 32. Kh3 Re7 33. Qa3 Rae8 34.
Bc4 Qxe4 35. Bxe6 Qxe6+ 36. Kh2 Qg4 0-1

[Event "8th Asrian Memorial 2015"]
[Site "Yerevan ARM"]
[Date "2015.06.22"]
[Round "7.15"]
[White "Hovhannisyan, Karen"]
[Black "Bakunts, Rafael"]
[Result "0-1"]
[WhiteElo "2304"]
[BlackElo "2270"]
[WhiteFideId "13306618"]
[BlackFideId "13304097"]
[EventDate "2015.06.16"]

1. d4 d6 2. Nf3 Nf6 3. Bf4 g6 4. h3 Bg7 5. e3 O-O 6. Be2 b6 7. Nbd2 Bb7 8. a4 a6
9. O-O Nbd7 10. a5 b5 11. c4 bxc4 12. Nxc4 c5 13. dxc5 Nxc5 14. Bh2 Nfd7 15. Rc1
Rc8 16. b4 Ne4 17. Bd3 Rc7 18. Nd4 Qa8 19. f3 Nef6 20. Qd2 Nd5 21. Kh1 Rfc8 22.
Bg1 Bh6 23. Rc2 Qa7 24. Qe1 Qb8 25. Na3 Rc3 26. Rxc3 Rxc3 27. Bc4 Rxa3 28. e4
Ne3 29. Bxe3 Rxe3 30. Qh4 Ne5 31. Qxh6 Nxc4 32. Rc1 d5 33. Qg5 f6 34. Qg4 Bc8
35. Nc6 Bxg4 36. Nxb8 Bc8 37. exd5 Nd6 38. Rc7 Bb7 39. b5 axb5 40. a6 Bxd5 41.
a7 Kf7 42. Nd7 Ra3 43. Nb6 Bb7 44. Rxb7 Nxb7 45. a8=Q Rxa8 46. Nxa8 b4 47. Nb6
b3 0-1

[Event "8th Asrian Memorial 2015"]
[Site "Yerevan ARM"]
[Date "2015.06.22"]
[Round "7.16"]
[White "Sargsyan, Shant"]
[Black "Manukyan, Sargis V."]
[Result "1-0"]
[WhiteTitle "CM"]
[BlackTitle "FM"]
[WhiteElo "2256"]
[BlackElo "2296"]
[WhiteFideId "13306766"]
[BlackFideId "13303465"]
[EventDate "2015.06.16"]

1. d4 Nf6 2. c4 c5 3. d5 b5 4. cxb5 a6 5. b6 e6 6. Nc3 Nxd5 7. Nxd5 exd5 8. Qxd5
Nc6 9. Nf3 Rb8 10. e4 Be7 11. Bc4 O-O 12. O-O Rxb6 13. Ng5 Qe8 14. Qf5 Bxg5 15.
Qxg5 Ne5 16. Be2 Bb7 17. f3 Rg6 18. Qe3 Qe7 19. Bd2 d6 20. Bc3 Kh8 21. Rae1 Re8
22. f4 Ng4 23. Bxg4 Rxg4 24. h3 Rh4 25. Qg3 Rg8 26. f5 Rh6 27. Bd2 g5 28. Bc3+
f6 29. Rd1 g4 30. h4 Qxe4 31. Rxd6 Re8 32. Re1 Qxg2+ 33. Qxg2 Rxe1+ 34. Bxe1
Bxg2 35. Kxg2 1-0

[Event "8th Asrian Memorial 2015"]
[Site "Yerevan ARM"]
[Date "2015.06.22"]
[Round "7.17"]
[White "Gevorgyan, Maria"]
[Black "Hakobyan, Aram"]
[Result "0-1"]
[WhiteTitle "WFM"]
[BlackTitle "FM"]
[WhiteElo "2235"]
[BlackElo "2283"]
[WhiteFideId "13300270"]
[BlackFideId "13306677"]
[EventDate "2015.06.16"]

1. e4 e6 2. d4 d5 3. Nc3 Bb4 4. e5 c5 5. Bd2 Ne7 6. Nce2 Bxd2+ 7. Qxd2 Nbc6 8.
f4 Qb6 9. O-O-O c4 10. g4 Qa6 11. Kb1 b5 12. Nf3 Bd7 13. Rg1 b4 14. Nc1 Qb6 15.
Qe3 a5 16. b3 a4 17. Rg2 Na7 18. Ka1 Nb5 19. f5 Nc3 20. Rdd2 Bb5 21. f6 gxf6 22.
exf6 Nc6 23. bxc4 dxc4 24. Ng5 Nd5 25. Qe4 c3 26. Rdf2 Bxf1 27. Rxf1 Qxd4 28.
Re2 Qxe4 29. Nxe4 Nd4 30. Nd6+ Kf8 31. Kb1 b3 32. axb3 axb3 33. cxb3 Nxe2 34.
Nxe2 c2+ 35. Kb2 Rg8 36. h3 h5 37. Nf4 hxg4 38. Nxd5 gxh3 39. Nb6 Rg2 40. Nxa8
c1=Q+ 41. Kxc1 h2 42. Nb6 Rg1 43. Rd1 Rxd1+ 44. Kxd1 h1=Q+ 45. Kc2 Qh2+ 0-1

[Event "8th Asrian Memorial 2015"]
[Site "Yerevan ARM"]
[Date "2015.06.22"]
[Round "7.18"]
[White "Chibukhchian, Artur"]
[Black "Mesropian, Khachatur"]
[Result "1-0"]
[WhiteTitle "GM"]
[WhiteElo "2423"]
[BlackElo "2106"]
[WhiteFideId "13300717"]
[BlackFideId "13301390"]
[EventDate "2015.06.16"]

1. d4 Nf6 2. c4 g6 3. Nc3 d5 4. cxd5 Nxd5 5. e4 Nxc3 6. bxc3 Bg7 7. Nf3 c5 8.
Rb1 O-O 9. Be2 cxd4 10. cxd4 Qa5+ 11. Bd2 Qxa2 12. O-O Bg4 13. Bg5 h6 14. Be3
Nc6 15. d5 Rfd8 16. Rxb7 e6 17. Rc7 Ne5 18. Rc2 Qa4 19. Nxe5 Bxe2 20. Qxe2 Bxe5
21. dxe6 Qxe4 22. exf7+ Kxf7 23. Rc4 Qd3 24. Qf3+ Kg8 25. Qg4 Rd6 26. Bxh6 Bxh2+
27. Kxh2 Qxf1 28. Qe4 Rad8 29. Qe7 R6d7 30. Qe6+ Kh7 31. Rh4 Qxf2 32. Bg5+ Qxh4+
33. Bxh4 Kh6 34. Qe3+ 1-0

[Event "8th Asrian Memorial 2015"]
[Site "Yerevan ARM"]
[Date "2015.06.22"]
[Round "7.19"]
[White "Deslandes, Pascal"]
[Black "Manukyan, Artyom"]
[Result "1-0"]
[WhiteTitle "FM"]
[WhiteElo "2287"]
[BlackElo "2046"]
[WhiteFideId "605239"]
[BlackFideId "13305786"]
[EventDate "2015.06.16"]

1. e4 e5 2. Nf3 Nc6 3. Bb5 a6 4. Ba4 d6 5. O-O Bg4 6. c3 Qf6 7. Bxc6+ bxc6 8. d4
exd4 9. Qa4 Bd7 10. cxd4 c5 11. Qa5 cxd4 12. Re1 Ne7 13. e5 dxe5 14. Nxe5 Qb6
15. Qa3 Be6 16. Qa4+ Qb5 17. Qxd4 Rd8 18. Qe4 Ng6 19. Nxf7 Rd7 20. Nxh8 Nxh8 21.
Qxe6+ Re7 22. Qc8+ Kf7 23. Rxe7+ Bxe7 24. Nc3 Qe5 25. Be3 Ng6 26. Qg4 Bd6 27.
Qf3+ Ke8 28. Qe4 1-0

[Event "8th Asrian Memorial 2015"]
[Site "Yerevan ARM"]
[Date "2015.06.22"]
[Round "7.20"]
[White "Tiraturyan, David"]
[Black "Ilyashev, Yerzhan"]
[Result "1-0"]
[WhiteElo "2232"]
[BlackElo "2128"]
[WhiteFideId "13304402"]
[BlackFideId "13706314"]
[EventDate "2015.06.16"]

1. e4 c5 2. a3 e6 3. b4 Qf6 4. Nc3 cxb4 5. axb4 Bxb4 6. Bb2 Bc5 7. Nf3 b6 8. d4
Bb4 9. Bd3 d5 10. O-O Bxc3 11. Bxc3 Bb7 12. Ne5 Ne7 13. Bb5+ Kf8 14. Bb4 dxe4
15. Bd6 Kg8 16. Be8 g6 17. Bxf7+ Kg7 18. Ng4 Qxf7 19. Be5+ Kf8 20. Bxh8 Nd7 21.
Qc1 Nf5 22. Qf4 Kg8 23. Be5 a6 24. c4 Rc8 25. Rac1 Qe7 26. Rfd1 g5 27. Qd2 h5
28. Ne3 Nh6 29. c5 bxc5 30. Nc4 Nf7 31. Qe2 g4 32. h3 Qh4 33. Bg3 Qg5 34. h4 Qe7
35. dxc5 Bd5 36. Nb6 Rxc5 37. Nxd7 Rxc1 38. Rxc1 Qxd7 39. Qxa6 Qe7 40. Qc8+ Kg7
41. Be5+ Kg6 42. Rc7 Qa3 43. Qg8+ Kf5 44. Rxf7+ Kxe5 45. Qg7+ 1-0

[Event "8th Asrian Memorial 2015"]
[Site "Yerevan ARM"]
[Date "2015.06.23"]
[Round "8.2"]
[White "Pashikian, Arman"]
[Black "Hovhannisyan, Robert"]
[Result "1/2-1/2"]
[WhiteTitle "GM"]
[BlackTitle "GM"]
[WhiteElo "2604"]
[BlackElo "2599"]
[WhiteFideId "13301578"]
[BlackFideId "13302507"]
[EventDate "2015.06.16"]

1. d4 d5 2. c4 c6 3. Nf3 Nf6 4. Nc3 e6 5. e3 Nbd7 6. Qc2 Bd6 7. Bd3 O-O 8. O-O
e5 9. cxd5 cxd5 10. e4 exd4 11. Nxd5 Nxd5 12. exd5 h6 13. Rd1 Ne5 14. Nxd4 Bg4
15. Be2 Re8 16. Bxg4 Nxg4 17. h3 Rc8 18. Qd2 Nf6 19. Qd3 Rc5 20. Qb3 Rxd5 21.
Be3 Qd7 22. Nf3 Bb8 23. Rxd5 Qxd5 24. Qa4 Qd7 25. Qxd7 Nxd7 26. Rd1 Nf8 27. Nd4
Rd8 28. Rc1 f6 29. Nb3 Ne6 30. Na5 Rd7 31. Rc8+ Rd8 32. Rc1 Rd7 33. g3 Kf7 34.
Rc8 Rd8 35. Rc1 Rd7 36. Rc8 Rd8 37. Rc2 Rd7 38. b4 a6 39. Rc8 Rd8 40. Rc1 Rd7
41. a3 Be5 42. Rc8 Rd3 43. Nxb7 Rxa3 44. Nc5 Nxc5 45. Bxc5 Rd3 46. Rf8+ Kg6 47.
Ra8 Bd4 48. Rxa6 Rxg3+ 49. Kf1 Bxc5 50. fxg3 Bxb4 51. Kg2 h5 52. Kf3 Bc3 53. Ra3
Be5 54. Ke4 Kf7 55. Kd5 g6 56. Ra7+ Kg8 57. Ke6 Bb2 58. Rb7 Bc3 59. g4 hxg4 60.
hxg4 Bd4 61. Rd7 Bc3 62. Rd3 Bb2 63. Rd7 Bc3 64. Ra7 Bb2 65. Rc7 Bd4 66. Rf7 Bc3
67. Rxf6 Bxf6 68. Kxf6 g5 69. Kxg5 Kg7 1/2-1/2

[Event "8th Asrian Memorial 2015"]
[Site "Yerevan ARM"]
[Date "2015.06.23"]
[Round "8.3"]
[White "Petrosyan, Tigran S."]
[Black "Areshchenko, Alexander"]
[Result "0-1"]
[WhiteTitle "IM"]
[BlackTitle "GM"]
[WhiteElo "2423"]
[BlackElo "2656"]
[WhiteFideId "13303678"]
[BlackFideId "14109530"]
[EventDate "2015.06.16"]

1. e4 c5 2. Nf3 e6 3. g3 Nc6 4. Bg2 Nf6 5. Qe2 Be7 6. O-O d5 7. e5 Nd7 8. c3 c4
9. b3 b5 10. Ba3 O-O 11. Re1 Rb8 12. Bxe7 Qxe7 13. d4 cxd3 14. Qxd3 b4 15. Nbd2
bxc3 16. Qxc3 Bb7 17. a3 a5 18. Rec1 Rbc8 19. Qe3 Kh8 20. Re1 Ba6 21. Bf1 Bxf1
22. Kxf1 f6 23. exf6 Rxf6 24. Qd3 Rcf8 25. Kg1 Qf7 26. Rac1 e5 27. Ng5 Qg8 28.
Qb5 Ndb8 29. f3 h6 30. Nh3 Qf7 31. Rc3 g5 32. Nf2 h5 33. Qe2 g4 34. Kg2 Nd7 35.
Rxc6 Rxc6 36. fxg4 e4 37. gxh5 Ne5 38. Nh3 Nf3 39. Nf4 Nxe1+ 40. Qxe1 Re8 41.
Qe3 Rc2 42. Ne2 Qxh5 43. Nd4 Ra2 44. a4 Kh7 0-1